[Event "Titled Tuesday intern op 06th Aug Early"]
[Site "Chess.com INT"]
[Date "2024.08.06"]
[Round "1"]
[White "Tabuenca Mendataurigoitia, Daniel"]
[Black "Joel Paul, Ganta"]
[Result "1-0"]
[WhiteElo "2431"]
[BlackElo "2192"]
[PlyCount "211"]
[EventDate "2024.08.06"]
[EventType "swiss (blitz)"]
[EventRounds "11"]
[EventCountry "USA"]
[SourceTitle "EXT 2025"]
[Source "ChessBase"]
[SourceDate "2024.10.14"]
[SourceVersion "1"]
[SourceVersionDate "2024.10.14"]
[SourceQuality "1"]

1. Nf3 Nf6 2. g3 b6 3. Bg2 Bb7 4. 0-0 e6 5. c4 Be7 6. d3 0-0 7. e4 d6 8. Nc3 Nbd7 9. Be3 c5 10. a3 Ne5 11. h3 Nc6 12. d4 cxd4 13. Nxd4 Nxd4 14. Bxd4 Rc8 15. Qe2 Qc7 16. b3 a6 17. a4 d5 18. cxd5 e5 19. Rac1 exd4 20. Na2 Qd7 21. Qd3 Rxc1 22. Rxc1 Rc8 23. Rd1 b5 24. Qxd4 Bc5 25. Qb2 bxa4 26. bxa4 Qxa4 27. Re1 Qd4 28. Qxb7 Qxf2+ 29. Kh2 Re8 30. Rf1 Qxa2 31. Qc6 Bf2 32. d6 Rd8 33. e5 Nh5 34. Qc7 Bxg3+ 35. Kh1 Rf8 36. d7 Bh4 37. Rd1 Ng3+ 38. Kg1 Ne2+ 39. Kh1 Nf4 40. Be4 Bg3 41. Qc2 Qe6 42. Bf5 Qxe5 43. d8Q g6 44. Qd6 Qe3 45. Be4 Bf2 46. Bg2 Ne2 47. Rd3 Ng3+ 48. Qxg3 Qe1+ 49. Kh2 Bxg3+ 50. Rxg3 a5 51. Rf3 Qe5+ 52. Kh1 Rb8 53. Qa2 Qe1+ 54. Rf1 Qe7 55. Bd5 Rf8 56. Qxa5 Kg7 57. Qc3+ f6 58. Qd4 Rd8 59. Qe4 Qd6 60. Bc6 Rc8 61. Bb7 Rc7 62. Qd5 Qb6 63. Ba8 Re7 64. Qf3 Re3 65. Qg2 Qb3 66. Qb7+ Qxb7+ 67. Bxb7 Rxh3+ 68. Kg2 Re3 69. Rd1 Re7 70. Bf3 f5 71. Ra1 g5 72. Kg3 h6 73. Ra5 Kf6 74. Ra6+ Re6 75. Ra5 g4 76. Bd5 Re5 77. Kf4 Re1 78. Ra6+ Kg7 79. Kxf5 g3 80. Kg4 Re5 81. Bg2 Rg5+ 82. Kh3 Rg6 83. Ra5 Rg5 84. Ra4 h5 85. Bf3 g2 86. Bxg2 Kg6 87. Bf3 Rc5 88. Kh4 Rb5 89. Ra6+ Kf5 90. Bxh5 Rb4+ 91. Kg3 Rb3+ 92. Bf3 Rb8 93. Ra5+ Ke6 94. Kf4 Rf8+ 95. Ke4 Rb8 96. Ra6+ Ke7 97. Ke5 Rb5+ 98. Bd5 Rb1 99. Ra7+ Kf8 100. Be6 Re1+ 101. Kf6 Rf1+ 102. Bf5 Re1 103. Rf7+ Ke8 104. Rh7 Kd8 105. Ra7 Rb1 106. Bxb1 1-0

[Event "Titled Tuesday intern op 06th Aug Late"]
[Site "Chess.com INT"]
[Date "2024.08.06"]
[Round "1"]
[White "Tworuszka, Michal"]
[Black "Tabuenca Mendataurigoitia, Daniel"]
[Result "1-0"]
[WhiteElo "2260"]
[BlackElo "2431"]
[PlyCount "105"]
[EventDate "2024.08.06"]
[EventType "swiss (blitz)"]
[EventRounds "11"]
[EventCountry "USA"]
[SourceTitle "EXT 2025"]
[Source "ChessBase"]
[SourceDate "2024.10.14"]
[SourceVersion "1"]
[SourceVersionDate "2024.10.14"]
[SourceQuality "1"]

1. e4 e5 2. Nf3 d6 3. d4 exd4 4. Nxd4 Nf6 5. Nc3 Be7 6. g3 Nc6 7. Bg2 Nxd4 8. Qxd4 0-0 9. 0-0 c6 10. b3 Qc7 11. Bb2 Be6 12. Rad1 Rfd8 13. h3 a5 14. a4 h6 15. Rfe1 Re8 16. Kh2 Rad8 17. f4 Nh5 18. Bf3 Nf6 19. Kg2 Bf8 20. g4 Bc8 21. Qf2 Nd7 22. Qg3 Nc5 23. h4 Be7 24. g5 hxg5 25. hxg5 Ne6 26. Rh1 d5 27. e5 Bb4 28. Qh4 Nxf4+ 29. Qxf4 Qxe5 30. Qxe5 Rxe5 31. Rh5 Re3 32. Rdh1 Kf8 33. Nd1 Re6 34. Rh8+ Ke7 35. Rxd8 Kxd8 36. Rh8+ Kc7 37. Bxg7 Re1 38. Nf2 Bf5 39. Nd3 Bxd3 40. cxd3 Re3 41. Rf8 Bxf8 42. Bxf8 Rxd3 43. Bh5 Rd4 44. Kg3 Rd3+ 45. Kf4 Rxb3 46. Bxf7 Rb1 47. g6 Rf1+ 48. Ke5 Re1+ 49. Kd4 Rg1 50. g7 Rg4+ 51. Ke5 Rg5+ 52. Kf6 Rg1 53. Bg6 1-0

[Event "POR-chT"]
[Site "Soure"]
[Date "2024.07.20"]
[Round "8.9"]
[White "Burg, Twan"]
[Black "Tabuenca Mendataurigoitia, Daniel"]
[Result "1/2-1/2"]
[WhiteElo "2502"]
[BlackElo "2423"]
[PlyCount "30"]
[EventDate "2024.07.15"]
[EventType "team-tourn"]
[EventRounds "9"]
[EventCountry "POR"]
[SourceTitle "CBM 221 Extra"]
[Source "ChessBase"]
[SourceDate "2024.09.30"]
[SourceVersion "1"]
[SourceVersionDate "2024.09.30"]
[SourceQuality "1"]
[WhiteTeam "EPGaia"]
[BlackTeam "Montemor o Novo"]
[WhiteTeamCountry "POR"]
[BlackTeamCountry "POR"]

1. d4 Nf6 2. c4 e6 3. Nf3 a6 4. g3 b5 5. c5 d6 6. cxd6 cxd6 7. Bg2 Bb7 8. 0-0 Be7 9. Nbd2 0-0 10. Re1 Bxf3 11. Nxf3 d5 12. Ne5 Qb6 13. e3 Nbd7 14. Nd3 Rfc8 15. Re2 Ne4 1/2-1/2

[Event "POR-chT"]
[Site "Soure"]
[Date "2024.07.16"]
[Round "3.13"]
[White "Tabuenca Mendataurigoitia, Daniel"]
[Black "Dias, Paulo Jorge Guimara"]
[Result "1/2-1/2"]
[WhiteElo "2423"]
[BlackElo "2308"]
[PlyCount "88"]
[EventDate "2024.07.15"]
[EventType "team-tourn"]
[EventRounds "9"]
[EventCountry "POR"]
[SourceTitle "CBM 221 Extra"]
[Source "ChessBase"]
[SourceDate "2024.09.30"]
[SourceVersion "1"]
[SourceVersionDate "2024.09.30"]
[SourceQuality "1"]
[WhiteTeam "Montemor o Novo"]
[BlackTeam "Afox"]
[WhiteTeamCountry "POR"]
[BlackTeamCountry "POR"]

1. e4 e6 2. d4 d5 3. Nc3 Bb4 4. e5 c5 5. Bd2 Nc6 6. Nb5 Bxd2+ 7. Qxd2 Nxd4 8. Nxd4 cxd4 9. h4 Bd7 10. h5 h6 11. f4 Ne7 12. Bd3 Qb6 13. 0-0-0 0-0-0 14. Nf3 Kb8 15. Rh3 Nc6 16. Rg3 Nb4 17. Kb1 Nxd3 18. Qxd3 Bb5 19. Qxd4 Be2 20. Qxb6 axb6 21. Rd4 Rhg8 22. Rb4 Bxf3 23. Rxf3 g6 24. Rxb6 gxh5 25. a4 Rxg2 26. f5 exf5 27. Rxf5 Rd7 28. Rxh6 d4 29. Rh7 Re2 30. Rh8+ Ka7 31. Rc8 h4 32. Rh5 Re1+ 33. Ka2 Re4 34. Rc4 Rd5 35. Rc7 Rdxe5 36. Rh7 d3 37. Rhxf7 Rb4 38. Ka3 Ree4 39. cxd3 Rxa4+ 40. Kb3 Reb4+ 41. Kc3 Rb6 42. Rh7 Rab4 43. Rc4 Rb3+ 44. Kd4 Rxb2 1/2-1/2

[Event "Titled Tuesday intern op 09th Jul Early"]
[Site "Chess.com INT"]
[Date "2024.07.09"]
[Round "5"]
[White "Heinemann, Josefine"]
[Black "Tabuenca Mendataurigoitia, Daniel"]
[Result "1-0"]
[WhiteElo "2279"]
[BlackElo "2423"]
[PlyCount "111"]
[EventDate "2024.07.09"]
[EventType "swiss (blitz)"]
[EventRounds "11"]
[EventCountry "USA"]
[SourceTitle "EXT 2025"]
[Source "ChessBase"]
[SourceDate "2024.10.14"]
[SourceVersion "1"]
[SourceVersionDate "2024.10.14"]
[SourceQuality "1"]

1. c4 e6 2. g3 d5 3. Nf3 dxc4 4. Bg2 Nf6 5. Qa4+ Nbd7 6. Qxc4 a6 7. Qc2 c5 8. Nc3 Be7 9. d4 0-0 10. 0-0 Qb6 11. Na4 Qb5 12. Bf4 Nd5 13. Bd2 b6 14. dxc5 Nxc5 15. Nxc5 Qxc5 16. Qe4 Bb7 17. Ng5 Bxg5 18. Bxg5 Rac8 19. Qh4 Ba8 20. e4 f6 21. exd5 fxg5 22. Qxg5 Bxd5 23. Rac1 Qd4 24. Bxd5 exd5 25. Rcd1 Qxb2 26. Qxd5+ Kh8 27. Rb1 Qf6 28. Qb7 Rc2 29. Qxb6 Qf5 30. a4 Ra2 31. Ra1 Rxa1 32. Rxa1 Qe5 33. Rf1 a5 34. Qb5 Qc3 35. h4 Qd2 36. Qc5 Re8 37. Rb1 h6 38. Kg2 Qd3 39. Rf1 Qe4+ 40. Kg1 Qxa4 41. Rc1 Qa2 42. Qc6 Rf8 43. Qc5 Rg8 44. Re1 a4 45. Re5 Qb1+ 46. Kg2 Ra8 47. Qd5 Qb8 48. Re7 a3 49. Qd4 Qf8 50. Re6 a2 51. Rxh6+ Kg8 52. Qd5+ Qf7 53. Qxa8+ Qf8 54. Rh8+ Kxh8 55. Qxf8+ Kh7 56. Qa3 1-0

[Event "Titled Tuesday intern op 09th Jul Early"]
[Site "Chess.com INT"]
[Date "2024.07.09"]
[Round "2"]
[White "Nathan, Krishna"]
[Black "Tabuenca Mendataurigoitia, Daniel"]
[Result "0-1"]
[WhiteElo "2028"]
[BlackElo "2423"]
[PlyCount "102"]
[EventDate "2024.07.09"]
[EventType "swiss (blitz)"]
[EventRounds "11"]
[EventCountry "USA"]
[SourceTitle "EXT 2025"]
[Source "ChessBase"]
[SourceDate "2024.10.14"]
[SourceVersion "1"]
[SourceVersionDate "2024.10.14"]
[SourceQuality "1"]

1. e4 Nc6 2. d4 d5 3. e5 Bf5 4. Nf3 Qd7 5. Bd3 f6 6. 0-0 g5 7. exf6 exf6 8. Re1+ Be7 9. c3 0-0-0 10. Bxf5 Qxf5 11. Nbd2 Bd6 12. Nf1 Nge7 13. Ng3 Qg6 14. Qe2 h5 15. h4 Bxg3 16. fxg3 gxh4 17. gxh4 Rhg8 18. Bf4 Kb8 19. Qf2 Nf5 20. Re6 Qg4 21. Nh2 Qxh4 22. Bxc7+ Kxc7 23. Qxf5 Rg5 24. Nf3 Rxg2+ 25. Kxg2 Rg8+ 26. Kf1 Qh1+ 27. Ke2 Rg2+ 28. Ke3 Qxa1 29. Qxd5 Qxb2 30. Qd6+ Kb6 31. Qc5+ Ka6 32. Qc4+ Qb5 33. Qxb5+ Kxb5 34. Rxf6 Rxa2 35. Rf5+ Kc4 36. Rc5+ Kb3 37. d5 Ra5 38. Rxa5 Nxa5 39. Nd4+ Kxc3 40. d6 b6 41. d7 Nb7 42. Nc6 a5 43. d8Q Nxd8 44. Nxd8 a4 45. Nc6 a3 46. Nd4 a2 47. Nb5+ Kb2 48. Nd6 a1Q 49. Nc4+ Kc3 50. Nd2 Qe1+ 51. Kf3 Qxd2 0-1

[Event "Titled Tuesday intern op 09th Jul Early"]
[Site "Chess.com INT"]
[Date "2024.07.09"]
[Round "4"]
[White "Tabuenca Mendataurigoitia, Daniel"]
[Black "Dau, Khuong Duy"]
[Result "0-1"]
[WhiteElo "2423"]
[BlackElo "2373"]
[PlyCount "76"]
[EventDate "2024.07.09"]
[EventType "swiss (blitz)"]
[EventRounds "11"]
[EventCountry "USA"]
[SourceTitle "EXT 2025"]
[Source "ChessBase"]
[SourceDate "2024.10.14"]
[SourceVersion "1"]
[SourceVersionDate "2024.10.14"]
[SourceQuality "1"]

1. Nf3 Nf6 2. g3 g6 3. Bg2 Bg7 4. 0-0 0-0 5. d3 b6 6. e4 Bb7 7. c4 d6 8. Nc3 Nbd7 9. Be3 a6 10. h3 e6 11. d4 Nxe4 12. Nxe4 Bxe4 13. a4 a5 14. Rc1 Rb8 15. Re1 Bb7 16. Qd2 Nf6 17. Bg5 Qd7 18. Qf4 Nh5 19. Qh4 f5 20. d5 e5 21. g4 fxg4 22. hxg4 Nf4 23. Rc3 Rbe8 24. Re4 Qxa4 25. Bh6 Qd7 26. Ng5 Bxh6 27. Qxh6 Qg7 28. Qh4 h6 29. Nf3 g5 30. Qg3 Bc8 31. Bf1 Bd7 32. Nd2 Ng6 33. Rf3 Rf4 34. Bd3 Ref8 35. Rexf4 exf4 36. Qh3 Ne5 37. Bf5 Bxf5 38. gxf5 g4 0-1

[Event "Titled Tuesday intern op 25th Jun Late"]
[Site "Chess.com INT"]
[Date "2024.06.25"]
[Round "2"]
[White "Tabuenca Mendataurigoitia, Daniel"]
[Black "Pacheco, Daniel"]
[Result "0-1"]
[WhiteElo "2355"]
[BlackElo "2209"]
[PlyCount "130"]
[EventDate "2024.06.25"]
[EventType "swiss (blitz)"]
[EventRounds "11"]
[EventCountry "USA"]
[SourceTitle "EXT 2025"]
[Source "ChessBase"]
[SourceDate "2024.10.14"]
[SourceVersion "1"]
[SourceVersionDate "2024.10.14"]
[SourceQuality "1"]

1. Nf3 g6 2. g3 Bg7 3. Bg2 d6 4. c4 e5 5. Nc3 Ne7 6. 0-0 0-0 7. b4 a5 8. b5 e4 9. Ne1 Bxc3 10. dxc3 f5 11. Be3 Be6 12. c5 Nd5 13. Bd4 dxc5 14. Bxc5 Nxc3 15. Qc2 Nxb5 16. Bxf8 Qxf8 17. e3 Nc6 18. Qe2 Nc3 19. Qb2 Qb4 20. Qxb4 axb4 21. Nc2 Rxa2 22. Rxa2 Nxa2 23. f3 b3 24. Na3 Bd5 25. fxe4 fxe4 26. Rd1 Nc3 27. Rd2 Nb4 28. Bf1 c6 29. Kf2 b2 30. Kg1 b1Q 31. Nxb1 Nxb1 32. Rb2 Na3 33. Rxb4 b5 34. Kf2 Kf7 35. Rb2 Ke6 36. h4 Kd6 37. g4 Kc5 38. g5 b4 39. Kg3 b3 40. Kf4 Kb4 41. Ke5 Nc2 42. Kf6 Nxe3 43. Be2 Kc3 44. Rb1 b2 45. Kg7 Nf5+ 46. Kxh7 Nxh4 47. Bd1 Ba2 48. Rxb2 Kxb2 49. Kg7 Kc3 50. Kf6 Bb3 51. Bg4 e3 52. Ke5 Kd2 53. Kf4 c5 54. Kg3 Nf5+ 55. Kf4 e2 56. Bxe2 Kxe2 57. Ke5 c4 58. Kf6 Nh4 59. Ke5 c3 60. Kf4 c2 61. Kg4 Nf5 62. Kf4 c1Q+ 63. Ke5 Qc6 64. Kf4 Qd6+ 65. Kg4 Qg3# 0-1

[Event "Madrid-A"]
[Site "Madrid"]
[Date "2024.06.11"]
[Round "2"]
[White "Nakada, Akira W"]
[Black "Tabuenca Mendataurigoitia, Daniel"]
[Result "1/2-1/2"]
[WhiteElo "2414"]
[BlackElo "2355"]
[PlyCount "52"]
[EventDate "2024.06.10"]
[EventType "tourn"]
[EventRounds "9"]
[EventCountry "ESP"]
[EventCategory "8"]
[SourceTitle "CBM 220 Extra"]
[Source "ChessBase"]
[SourceDate "2024.07.31"]
[SourceVersion "1"]
[SourceVersionDate "2024.07.31"]
[SourceQuality "1"]

1. d4 Nf6 2. c4 e6 3. Nc3 Bb4 4. e3 0-0 5. Bd3 d5 6. cxd5 exd5 7. Nge2 b6 8. 0-0 Bd6 9. f3 c5 10. Qe1 Nc6 11. Qh4 Ne7 12. g4 Ng6 13. Qf2 Bxg4 14. fxg4 Nxg4 15. Qg2 Bxh2+ 16. Kh1 Qh4 17. Nxd5 Bg3+ 18. Kg1 Bh2+ 19. Kh1 Rad8 20. Be4 Bg3+ 21. Kg1 Bh2+ 22. Kh1 Rxd5 23. Bxd5 Bf4+ 24. Kg1 Bh2+ 25. Kh1 Bf4+ 26. Kg1 Bh2+ 1/2-1/2